| 000 | 00942nac a22002657a 4500 | ||
|---|---|---|---|
| 001 | BR9300614 | ||
| 003 | BR-BrBNA | ||
| 005 | 20240105121353.0 | ||
| 008 | 230509b bl.|||m| |||| 00| 0 por d | ||
| 040 |
_aBR-BrBNA _bpor _cBiblioteca Nacional de Agricultura |
||
| 072 | _aF30; F06 | ||
| 090 | _a1850 BR9300614 | ||
| 100 | 1 | _aSouza, V.A.B. de | |
| 110 | 1 |
_aCentro Nacional de Pesquisa de Agricultura Irrigada, Parnaiba, PI (Brasil) _91744 |
|
| 245 | 1 | _aComportamento de cultivares de tomateiro tutorado sob irrigacao por aspersao no Baixo Parnaiba | |
| 260 | 3 |
_aParnaiba, PI (Brasil): _c1993. |
|
| 300 | _a8 p. | ||
| 490 |
_aComunicado Tecnico - Centro Nacional de Pesquisa de Agricultura Irrigada (Brazil) _vno. 12 _xISSN 0103-8702 |
||
| 650 | _aTomate | ||
| 650 | _aComportamento de Variedade | ||
| 650 | _aIrrigacao por Aspersao | ||
| 650 | _aPiaui | ||
| 909 |
_a202312 _bLúcia Elande _c55 _dLúcia Elande |
||
| 942 |
_2AGRIS _n0 _cMS |
||
| 999 |
_c284912 _d284912 |
||